| 000 | 00441 a2200109 4500 | ||
|---|---|---|---|
| 001 | ART_38712 | ||
| 005 | 20260410161740.0 | ||
| 008 | 260409a | ||
| 245 | 1 | 0 | _aLey 26773 y la aplicación del RIPTE en el tiempo, períodos que comprende su cálculo, los rubros que deben calcularse y su compatibilidad con la tasa de interés activa |
| 100 | 1 | _aDuarte, David | |
| 773 | 0 |
_tDoctrina laboral _g- Nº 369 (mayo 2016) _wREV4049 |
|
| 999 |
_c18633 _d18633 |
||